1349 1590 1371 1702 1411 1152 1512 1547 1389 1460 1776 1576 1725 1105 1481 1673 1770 1397 1932 1873 1130 1382 1885 1411 1014 1612 1957 1889 1491 1332 1145 1802 1268 1056 1298 1542 1954 1071 1854 1112 1354 1659 1912 1993 1540 1375 1330 1601 1376 1799 1586 1103 1265 1378 1658 1987 1214 1322 1191 1529 1639 1417 1079 1568 1676 1130 1707 1801 1409 1090 1669 1078 1722 1008 1715 1645 1440 1323 1080 1976 1257 1017 1341 1938 1998 1818 1105 1548 1297 1740 1092 1366 1447 1051 1581 1283 1134 1803 1119 BCNSPRNW ULIB Ver.6.0+V

เปลี่ยนเป็นภาษาไทย

Change to English
 แสดงรายละเอียดบรรณานุกรม
  กลับหน้าหลัก

Brief Record : Get Marc (ISO 2709) : E-mail record : QR code < ปิดหน้าต่าง
LEADER : 00000nam a2200000Ia 4500
001    13399114802
003     ULIB
008    101220s2553 th a 100 0 tha d
020    ^a9789744013316
060 04 ^aWY18^bก482ก
111 2  ^aการประชุมวิชาการระดับชาติ
245 10 ^aสู่ความเป็นเลิศทางวิชาการของนิสิตนักศึกษาเวทีแลกเปลี้ยนเรียนรู้และนำเสนอผลงาน /^cโดยวิทยาลัยพยาบาลบรมราชชนนี จังหวัดนนทบุรี เครือข่ายวิทยาลัยภาคกลาง 1 ; บรรณาธิการ, วรรณี ตปนียากร... [และคนอื่น ๆ]
246 30 ^aการประชุมวิชาการระดับชาติ 27-28 มกราคม 2555 :
246 30 ^aสู่ความเป็นเลิศทางวิชาการของนิสิตนักศึกษาเวทีแลกเปลี่ยนเรียนรู้และนำเสนอผลงาน
250    ^aพิมพ์ครั้งที่ 1
260    ^aนนทบุรี :^bวิทยาลัยพยาบาลบรมราชชนนี จังหวัดนนทบุรี ,^c2555
300    ^a230 หน้า :^bภาพประกอบ ;^c30 ซม.
500    ^aการประชุมวิชาการระดับชาติวันที่ 27-28 มกราคม 2555 ณ โรงแรมเดอะแลคกาซี่ จ.นนทบุรี
650  4 ^aนักศึกษาพยาบาล^vการประชุม
710 2  ^aสำนักงานหลักประกันสุขภาพแห่งชาติ
710 2  ^aสมาคมศิษย์เก่าพยาบาลกระทรวงสาธารณสุข
710 2  ^aสถาบันพระบรมราชชนก
945    ^p0^l0^i031787
945    ^p0^l0^i031788
945    ^p0^l0^i031789
945    ^p0^l0^i031790
945    ^p0^l0^i031791
945    ^p0^l0^i031792
995    ^aเกษร
999 ^a ใช้งานได้ทุกระบบ
รายการนี้ยังไม่มีแท็ก
คุณยังไม่ได้ล็อกอิน คุณสามารถมีกิจกรรมร่วมกับเว็บไซต์ได้ แต่ต้องล็อกอินก่อน ::
  ล็อกอิน

รายการสื่อสารสนเทศ

ลำดับที่ ประเภท เลขเรียก/บาร์โค้ด สถานที่ สถานะ
1. วิทยาศาสตร์การแพทย์ และสุขภาพ
หนังสือสำรอง
สถานะ=หนังสือสำรอง
WY18 ก482ก ฉ.1 
  Barcode: 031787
ห้องสมุดวิทยาเขตสวรรค์ประชารักษ์
►ส่วนจัดเก็บหนังสือเก่า สปร
บนชั้น
  ขอยืม
2. วิทยาศาสตร์การแพทย์ และสุขภาพ
วิทยาศาสตร์การแพทย์ และสุขภาพ
WY18 ก482ก ฉ.2 
  Barcode: 031788
ห้องสมุดวิทยาเขตสวรรค์ประชารักษ์
►ส่วนจัดเก็บหนังสือเก่า สปร
บนชั้น
  ขอยืม
3. วิทยาศาสตร์การแพทย์ และสุขภาพ
วิทยาศาสตร์การแพทย์ และสุขภาพ
WY18 ก482ก ฉ.3 
  Barcode: 031789
ห้องสมุดวิทยาเขตสวรรค์ประชารักษ์
►ส่วนจัดเก็บหนังสือเก่า สปร
บนชั้น
  ขอยืม
4. วิทยาศาสตร์การแพทย์ และสุขภาพ
วิทยาศาสตร์การแพทย์ และสุขภาพ
WY18 ก482ก ฉ.4 
  Barcode: 031790
ห้องสมุดวิทยาเขตสวรรค์ประชารักษ์
►ส่วนจัดเก็บหนังสือเก่า สปร
บนชั้น
  ขอยืม
5. วิทยาศาสตร์การแพทย์ และสุขภาพ
วิทยาศาสตร์การแพทย์ และสุขภาพ
WY18 ก482ก ฉ.5 
  Barcode: 031791
ห้องสมุดวิทยาเขตสวรรค์ประชารักษ์
►ส่วนจัดเก็บหนังสือเก่า สปร
บนชั้น
  ขอยืม
6. วิทยาศาสตร์การแพทย์ และสุขภาพ
วิทยาศาสตร์การแพทย์ และสุขภาพ
WY18 ก482ก ฉ.6 
  Barcode: 031792
ห้องสมุดวิทยาเขตสวรรค์ประชารักษ์
►ส่วนจัดเก็บหนังสือเก่า สปร
บนชั้น
  ขอยืม

BibComment


ยังไม่เคยถูกคอมเมนท์

คอมเมนท์ทรัพยากรรายการนี้
  คอมเมนท์: สู่ความเป็นเลิศท..


 Copyright 2026. Bcnsprnw @Library